|
|
|
|
| LEADER |
00000nab a2200000 a 4500 |
| 001 |
vtls000858856 |
| 003 |
SK-MaSNL |
| 005 |
20260304104137.0 |
| 008 |
250429c2003 xo 0 slo |
| 015 |
|
|
|a SNBRB2004/01-01320
|
| 035 |
|
|
|a CLN000210501
|
| 035 |
|
|
|a urn:nbn:sk:snk-ab1gps
|
| 035 |
|
|
|a (urnnbn)urn:nbn:sk:snk:ar-003nsq
|
| 035 |
|
|
|a (uuid)c05cb9ff-3b3b-4f82-926e-703a0cf7b705
|
| 040 |
|
|
|a SNKBUCL
|b slo
|c SNKBUCL
|e AACR2
|
| 041 |
0 |
|
|a slo
|
| 044 |
|
|
|a xo
|c SK
|
| 080 |
|
|
|a 633.11"324"(437.6):631.51
|2 1997
|
| 080 |
|
|
|a 631.51
|2 1997
|
| 100 |
1 |
|
|a Balla, Pavol
|4 aut
|9 334097
|
| 245 |
1 |
0 |
|a <<The>> effect of soil tillage on grain crops yields in the East-Slovakian Lowland conditions
|c Pavol Balla, Dana Kotorová
|
| 300 |
|
|
|b Tab.
|
| 504 |
|
|
|a Bibliogr. odkazy
|
| 504 |
|
|
|a Res. angl., slov.
|
| 650 |
0 |
7 |
|a ozimná pšenica
|2 snkbucl
|9 28625
|
| 650 |
0 |
7 |
|a fluvizeme
|2 snkbucl
|9 1047394
|
| 650 |
0 |
7 |
|a obrábanie pôdy
|2 snkbucl
|9 52002
|
| 651 |
|
7 |
|a Východoslovenská nížina (Slovensko)
|2 snkbucl
|9 19595
|
| 655 |
|
7 |
|a články z novín a časopisov
|2 snkbucl
|9 267496
|
| 700 |
1 |
|
|a Kotorová, Danka,
|d 1955-
|4 aut
|9 194232
|
| 773 |
0 |
|
|t Agriculture
|g Roč. 49, č. 5 (2003), s. 243-249
|x 0551-3677
|
| 850 |
|
|
|a Slovenská národná knižnica
|
| 852 |
|
|
|a Slovenská národná knižnica
|
| 954 |
|
|
|a odborná, vedecká literatúra pôvodná (slovenská)
|2 lita
|
| 958 |
|
|
|a article27
|
| 958 |
|
|
|a OND
|
| 958 |
|
|
|a SK
|
| 958 |
|
|
|a NB
|
| 958 |
|
|
|a EUIPO
|
| 992 |
|
|
|a RBX
|
| 999 |
|
|
|c 2850803
|d 2852733
|